000
00386nam a22001577a 4500
003
MPLRDC
005
20220104114644.0
008
210129b ||||| |||| 00| 0 eng d
082
_a
592.76 WSZ
100
_a
王世祯编著
245
_a
中日间谍作战史
_c
260
_a
_b
喜年来出版社
_c
1984
300
_b
平
650
_a
谍报; 战斗情报
942
_c
BK
_o
592.76 WSZ
999
_c
9193
_d
9183